000 00769nam a2200241Ia 4500
003 OSt
005 20220928131122.0
006 a|||||r|||| 00| 0
007 ta
008 220927b |||||||| |||| 00| 0 eng d
024 _a75845
037 _cTextual
040 _aSDCL
_cSDCL
_beng
041 _2eng
_aeng
082 _aR6xN19, M8
100 _aBanerjee K K
_9477220
245 0 _aLanguage,knowledge and ontology
_b A collection of essays .Ed by Kalyan Sengupta and Krishana Roy .
260 _aNew Delhi
_bI C P R
_c1988
300 _axxiv ,374p
_ccm.
490 _aIndia Council of Philosophical Research ,(New Delhi) series in contemporary Indian Philosophy .
942 _hR6xN19, M8
_cTEXL
_2CC
999 _c789685
_d789685